| 000 | 00559nam a22002417a 4500 | ||
|---|---|---|---|
| 003 | UA-OsUOA | ||
| 001 | 23680 | ||
| 007 | ta | ||
| 008 | 20040127b un ||||| |||| 00| 0 ukr d | ||
| 100 | _aЗверева И. | ||
| 090 |
_a316.6 _bС-43 |
||
| 942 | _cBK | ||
| 040 |
_aUA-OsUOA _brus _cUA-OsUOA _dUA-OsUOA |
||
| 245 | _aСоциальная работа с молодежью | ||
| 300 | _a104 с. | ||
| 955 | _a0 | ||
| 041 | _arus | ||
| 080 | _a316.6 | ||
| 260 |
_aКиев _bACADEMPRESS _c1994 |
||
| 044 | _aRU | ||
| 650 | 7 | _2UDC | |
| 999 |
_c309935 _d309935 |
||